000 01036nam a2200301 i 4500
003 EG-GICUC
005 20260423072759.0
008 260423s1884 fr ||||fr|||| 000 0 fre d
040 _aEG-GiCUC
_bfre
_cEG-GiCUC
_dEG-GiCUC
_eRda
041 0 _afre
082 0 4 _221
_a343.31
_bGU . P
092 0 4 _221
099 _aLaw1 10 343.31 GU . P 1884
100 1 _aGuillot, Adolphe
_eAuteur
245 1 4 _aDes principes du nouveau code d’instruction criminelle :
_bdiscussion du projet et commentaire de la loi /
_cpar Adolphe Guillot
264 1 _aParis :
_bL. Larose et Forcel, Libraires-Éditeurs,
_c1884.
300 _a257 page ;
_c 24 cm.
336 _2rda contenu
_a texte
337 _2rda medias
_aOrdinateur
338 _2 transporteur rda
_a Ressource en ligne
504 _aComprend des références bibliographiques.
546 _aTexte en français
650 1 4 _aDroit pénal
_2qrmak
651 1 _2qrmak
856 4 0 _uhttps://fll.law.cu.edu.eg/fulltext/bks/B10-08982.pdf
905 _a74
942 _2ddc
_n0
_cBK
_e21
999 _c72939
_d72939